[Event "Caqueta Florencia op"]
[Site "Caqueta"]
[Date "2016.12.04"]
[Round "6"]
[White "Valencia Martinez, Gilberto"]
[Black "Ortiz, Esteban"]
[Result "1-0"]
[WhiteElo "1613"]
[BlackElo "1578"]
[PlyCount "77"]
[EventDate "2016.12.01"]
[EventType "swiss"]
[EventRounds "6"]
[EventCountry "COL"]
[SourceTitle "CBM 176 Extra"]
[Source "ChessBase"]
[SourceDate "2017.03.02"]
[SourceVersion "1"]
[SourceVersionDate "2017.03.02"]
[SourceQuality "1"]

1. c4 Nc6 2. g3 Nf6 3. Bg2 e6 4. d3 Bc5 5. Nf3 h6 6. 0-0 0-0 7. a3 d5 8. d4 Be7 9. c5 b6 10. b4 bxc5 11. bxc5 Na5 12. Bf4 Rb8 13. Qc2 Nc4 14. Ra2 a5 15. Nbd2 Ba6 16. Re1 Re8 17. e4 Nxd2 18. Nxd2 dxe4 19. Be5 Bd3 20. Qc3 a4 21. Nxe4 Rb3 22. Qd2 Nxe4 23. Bxe4 Bxe4 24. Rxe4 Rb1+ 25. Kg2 Qd5 26. f3 Bg5 27. Bf4 f5 28. Re5 Qc4 29. Qf2 Reb8 30. Rae2 Bf6 31. Rxe6 Bxd4 32. Be3 R8b3 33. Re8+ Kh7 34. Bxd4 Rxa3 35. R8e7 Raa1 36. c6 Kg6 37. Rxg7+ Kh5 38. g4+ fxg4 39. fxg4# 1-0

[Event "Caqueta Florencia op"]
[Site "Caqueta"]
[Date "2016.12.02"]
[Round "2"]
[White "Medina Coneo, Arlintong"]
[Black "Ortiz, Esteban"]
[Result "1-0"]
[WhiteElo "1728"]
[BlackElo "1578"]
[PlyCount "93"]
[EventDate "2016.12.01"]
[EventType "swiss"]
[EventRounds "6"]
[EventCountry "COL"]
[SourceTitle "CBM 176 Extra"]
[Source "ChessBase"]
[SourceDate "2017.03.02"]
[SourceVersion "1"]
[SourceVersionDate "2017.03.02"]
[SourceQuality "1"]

1. e4 e5 2. Nf3 Nc6 3. Bb5 Bc5 4. 0-0 d6 5. c3 Bd7 6. d4 exd4 7. cxd4 Bb6 8. Be3 Nge7 9. Nbd2 0-0 10. Rc1 Nxd4 11. Nxd4 Bxd4 12. Bxd4 Bxb5 13. Qg4 Ng6 14. Rfe1 h6 15. Re3 c5 16. Bc3 Ne5 17. Qh5 Qf6 18. Rg3 Bd7 19. f4 Qxf4 20. Rf1 Bg4 21. Qh4 Qg5 22. Qxg5 hxg5 23. Bxe5 dxe5 24. Rxg4 f6 25. h4 gxh4 26. Rxh4 Rad8 27. Rf2 Rd3 28. Rh3 Rfd8 29. Rxd3 Rxd3 30. Kf1 b5 31. Ke2 Rd4 32. Rf3 a5 33. Rd3 Ra4 34. a3 b4 35. axb4 axb4 36. Rd7 Kh7 37. Rc7 Ra5 38. Nc4 Rb5 39. Nd6 Rb6 40. Ne8 Kh6 41. Nxg7 c4 42. Nf5+ Kg5 43. Rxc4 b3 44. Kf3 Rb8 45. Rc7 Kg6 46. Rg7+ Kh5 47. g4# 1-0

[Event "Caqueta Florencia op"]
[Site "Caqueta"]
[Date "2016.12.02"]
[Round "3"]
[White "Ortiz, Esteban"]
[Black "Diaz, Diego Alejandro"]
[Result "0-1"]
[WhiteElo "1578"]
[BlackElo "1452"]
[PlyCount "49"]
[EventDate "2016.12.01"]
[EventType "swiss"]
[EventRounds "6"]
[EventCountry "COL"]
[SourceTitle "CBM 176 Extra"]
[Source "ChessBase"]
[SourceDate "2017.03.02"]
[SourceVersion "1"]
[SourceVersionDate "2017.03.02"]
[SourceQuality "1"]

1. e4 e5 2. Nf3 Nc6 3. Nc3 Bc5 4. Bc4 Nf6 5. d3 h6 6. Nxe5 Nxe5 7. Bxf7+ Kxf7 8. d4 Qe7 9. dxe5 Qxe5 10. 0-0 Rf8 11. Kh1 Kg8 12. f4 Qe6 13. e5 Ng4 14. Ne4 Be3 15. f5 Rxf5 16. Rxf5 Qxf5 17. Bxe3 Nxe3 18. Qf3 Qxf3 19. gxf3 b6 20. c3 Bb7 21. Re1 Bxe4 22. Rxe3 Bc6 23. Kg2 Re8 24. Kg3 d6 25. f4 0-1